000 00786nam a2200253 i 4500
001 bg
245 0 0 _aRzeki :
_barchitektura i krajobraz /
_cpod red. Zygmunta Konopki.
260 _aKatowice :
_b"Śląsk",
_c2002.
300 _a240 s. :
_bil., mapy ;
_c24 cm.
500 _aStreszcz. ang., niem. przy rozdz.
504 _aBibliogr. przy rozdz.
650 9 _aArchitektura krajobrazu
650 9 _aRzeki
_xa planowanie przestrzenne
650 9 _aUrbanistyka
700 1 _aKONOPKA, Zygmunt.
_eRed.
020 _a8371643799
040 _cBPK
041 0 _apol
_bengger
080 _a711.4/.8:712:627.4/.5
920 _a83-7164-379-9
942 _cKS
008 s pl f |000 0 pol
999 _c44839
_d44839
856 _uhttp://koha.tu.koszalin.pl/cgi-bin/koha/opac-detail.pl?biblionumber=44839
_yKatalog online BPK